000 00242nam a2200109Ia 4500
008 200302s9999 xx 000 0 und d
100 _aChris Van Uffelen
245 _aStations
260 _bBraun Publishing AG
260 _c2010
300 _a253
999 _c3401
_d3401